Absolute beginner's guide to C
Αποθηκεύτηκε σε:
| Κύριος συγγραφέας: | |
|---|---|
| Μορφή: | Βιβλίο |
| Γλώσσα: | English |
| Δημοσίευση: |
Indianapolis, Ind. :
Sams pub.,
c1994
|
| Έκδοση: | 2nd ed. |
| Θέματα: | |
| Ετικέτες: |
Προσθήκη ετικέτας
Δεν υπάρχουν, Καταχωρήστε ετικέτα πρώτοι!
|
MARC
| LEADER | 00000nam a2200000 i 4500 | ||
|---|---|---|---|
| 001 | 1/95876 | ||
| 008 | 000324s1994 eng d | ||
| 020 | |a 0672305100 | ||
| 035 | |l 10055492 | ||
| 040 | |a GR-MY-UA |b gre |e aacr | ||
| 041 | 0 | |a eng | |
| 082 | 0 | |a 005.133 | |
| 100 | 1 | |a Perry, Greg M. | |
| 245 | 1 | 0 | |a Absolute beginner's guide to C / |c Greg M. Perry |
| 250 | |a 2nd ed. | ||
| 260 | |a Indianapolis, Ind. : |b Sams pub., |c c1994 | ||
| 300 | |a xxv, 406 p.; |b ill.; |c 24 cm. | ||
| 504 | |a Includes index | ||
| 650 | 0 | 0 | |a C# (Computer program language) |
| 852 | |a INST |b SAMOS |e 20000324 |h 005.133 PER |p 005300016368 |q 005300016368 |t BK |y 0 | ||
| 901 | |a BIBL3-2000-1 | ||
| 909 | |a Σ |b 070910 | ||
| 922 | |a 3ΕΛΗ |b 199911 |c ΤΠΕΣ |d ΠΑΠΑΣΩΤΗΡΙΟΥ | ||
| 950 | |a 133-1999-07-20 | ||
| 970 | |a ΓΕΝΟΥΖΟΥ |b ΧΡΥΣΑΝΘΗ |z 2000/03/24 | ||